000
00340nam a2200133Ia 4500
008
240624s9999 xx 000 0 und d
041
_a
eng
082
_a
005.432 NEG
100
_a
NEGUS CHRISTOPHER
245
_a
RED HAT REL 11 FEDORA LINUX 2 BIBLE
260
_c
2004
_a
New Delhi
_b
Wiley Dreamtech India
300
_a
xvi, : 1065
365
_c
RS
999
_c
929
_d
929